Taylor Swift - Devine la chanson sans indices #98 - Statistiques

Statistiques générales
  • Ce quiz a été pris 653 fois
  • Le résultat moyen est 222 sur 413
Statistiques - réponses
Réponse % Correct
I
100%
a
98%
you
98%
you"
98%
You
98%
Oh,
93%
the
93%
me
88%
be
87%
he
85%
He
85%
to
85%
your
85%
and
83%
And
83%
It
81%
it
81%
in
78%
my
78%
go
76%
on
76%
when
76%
was
74%
for
73%
that
73%
so
71%
So
71%
hear
70%
you're
68%
You're
68%
all
67%
it's
66%
It's
66%
then,
66%
time",
66%
time
66%
by
65%
her
65%
of
65%
like
64%
what
64%
ever
63%
But
62%
never
62%
"Never
62%
"Too
61%
at
60%
I'm
60%
would
59%
mine?
57%
been
56%
said
55%
will
55%
had
54%
know
54%
why"
53%
get
52%
see
52%
just
51%
look
51%
"Look
51%
'Cause
49%
heart"
49%
heart
49%
heart,
49%
"I've
49%
I've
49%
life"
49%
told
49%
"Always
48%
got
48%
"Here
48%
right
48%
eye
47%
his
47%
day
46%
"Every
46%
every
46%
fine"
46%
fine
46%
up
46%
away"
45%
away
45%
"Perfect
45%
stay"
45%
place
44%
side"
44%
girl
43%
Mr.
43%
after
42%
last
42%
"Perfectly
41%
perfectly
41%
Well,
41%
well
41%
he's
40%
bad
39%
Everything
39%
everything
39%
"Everything
39%
face"
39%
Hello
39%
Now
39%
baby
37%
breakin'
37%
cry"
37%
around
36%
cruel"
36%
goodbye
36%
Goodbye
36%
How's
35%
you'll
35%
about
34%
guy"
34%
"Looked
34%
Miss
34%
miss
34%
waiting
34%
best
33%
"Casually
33%
"Change
33%
end,
33%
new
33%
okay
33%
breaking
32%
doesn't
32%
alone",
31%
late"
31%
since
31%
fall
30%
goes
30%
thought
30%
wonderful
30%
name
29%
same
29%
takes
29%
until
29%
each
28%
"Gonna
28%
"Misery"
28%
even
27%
single
27%
you'd
27%
revolves
26%
brand
25%
"Leaves
25%
put
25%
than
25%
through
25%
apart
24%
eyes
24%
heard
24%
pickin'
23%
arm
22%
alright
20%
room
20%
someday"
20%
someday
20%
such
20%
apology
19%
Forgets
19%
'round
19%
shame
19%
suit
19%
guess
18%
maybe
18%
really
18%
rest
18%
feeling
17%
past
17%
anything
16%
different
16%
far
16%
"Insincere
16%
might
16%
seat
16%
seat,
16%
above
15%
dignified
15%
phased
14%
pressed
14%
strategized,
11%
wins"
11%
smug,
10%
sense
7%
Sashay
6%
Aucun quiz correspondant
Distribution des résultats
% des personnes avec chaque résultat
Percentile par nombre de réponses
Votre historique - résultats
Vous n’avez pas pris ce quiz